000 004550000a22001810004500
003 LK-CoMWRAF
005 20240118141224.0
008 230817t1997 ||||| |||| 00| 0 eng d
040 _aLK-CoMWRAF
_dLK-CoMWRAF
_eLK-CoMWRAF
041 _aeng
082 _a346.62
_bWOM
245 _aWomen and law in Sudan
260 _aGrables:
_bWLUML,
_c1997
300 _a63 p.
490 _aVolume
_vtwo
650 _aWomen -Legal status, laws, - Sudan
942 _cBK
999 _c1359
_d1359